| 000 | nam a22 a 4500 | ||
|---|---|---|---|
| 999 |
_c96 _d96 |
||
| 005 | 20170417145943.0 | ||
| 008 | 170417t2008 fr ||||| |||| 00| 0 eng d | ||
| 020 | _a9789264039476 | ||
| 040 | _aAKMAL | ||
| 082 | _a336.2714 CON | ||
| 090 |
_a336.2714 _bCON |
||
| 245 | 0 | 0 |
_aConsumption tax trends 2008 : _bVAT/GST and excise rates, trends and administration issues. |
| 260 |
_aParis : _bOECD, _cc2008. |
||
| 300 |
_a119 pages. : _bill. ; _c28cm. |
||
| 500 | _aAlso available in French under the title: Tendances des impĂ´ts sur la consommation : TVA/TPS et droits d'accise : taux, tendances et questions d'administration. | ||
| 504 | _aIncludes bibliographical references (p. 115). | ||
| 546 | _aText in English, with summary also in French. | ||
| 650 | 0 |
_aSpendings tax. _9252 |
|
| 650 | 0 |
_aValue-added tax. _9253 |
|
| 650 | 0 |
_aTaxation of articles of consumption. _9254 |
|
| 650 | 0 |
_aEnvironmental impact charges. _9255 |
|
| 710 | 2 | 0 |
_aOrganisation for Economic Co-operation and Development. _9256 |
| 942 |
_2ddc _cBOOK |
||
| 950 | _lAKMAL | ||